|
|
|
|
| LEADER |
00945nam a2200217 i 4500 |
| 001 |
c000011000 |
| 003 |
CARM |
| 005 |
00000000000000.0 |
| 008 |
830225s1957 0 d |
| 019 |
1 |
|
|a 2538652
|z 26059173
|5 LACONCORD2021
|
| 035 |
|
|
|a (OCoLC)266617
|5 LACONCORD2021
|
| 100 |
1 |
|
|a Hamilton, Walton Hale,
|d 1881-1958.
|
| 245 |
1 |
4 |
|a The politics of industry :
|b five lectures delivered on the William W. Cook Foundation at the University of Michigan, February-March, 1955 /
|c by Walter Hamilton.
|
| 260 |
|
|
|a New York :
|b Knopf,
|c 1957.
|
| 300 |
|
|
|a 169, viip.
|
| 440 |
|
0 |
|a William W. Cook Foundation lectures ;
|
| 650 |
|
0 |
|a Corporations
|z United States.
|
| 650 |
|
0 |
|a Industrial policy
|z United States.
|
| 852 |
8 |
|
|b CARM
|h A2:AF14A0
|i B01716
|p 0076586
|f BK
|
| 999 |
f |
f |
|i 0efad342-5176-566a-bdee-2ee17719e45b
|s 481529ea-a6a6-5076-9001-a784764ece08
|
| 952 |
f |
f |
|p Can circulate
|a CAVAL
|b CAVAL
|c CAVAL
|d CARM 1 Store
|e B01716
|f A2:AF14A0
|h Other scheme
|i book
|m 0076586
|